[Event "CRO-chT2 East"]
[Site "Croatia"]
[Date "2014.05.10"]
[Round "5.13"]
[White "Bosnjak, Nino"]
[Black "Strahija, Sasa"]
[Result "1-0"]
[WhiteElo "2187"]
[BlackElo "1756"]
[PlyCount "79"]
[EventDate "2014.04.26"]
[EventType "team-tourn"]
[EventRounds "11"]
[EventCountry "CRO"]
[SourceTitle "EXT 2019"]
[Source "ChessBase"]
[SourceDate "2018.10.10"]
[SourceVersion "1"]
[SourceVersionDate "2018.10.10"]
[SourceQuality "1"]

1. d4 d5 2. c4 c6 3. Nf3 Nf6 4. Nc3 e6 5. Bg5 h6 6. Bh4 dxc4 7. e4 g5 8. Bg3 b5 9. h4 Rg8 10. hxg5 hxg5 11. a3 Bb7 12. Qd2 c5 13. dxc5 Qa5 14. Nd4 b4 15. Ncb5 Nxe4 16. Qxb4 Qxb4+ 17. axb4 Nxg3 18. Nc7+ Kd7 19. Nxa8 Nxh1 20. Rxa7 Kc8 21. Nb6+ Kc7 22. Nxc4 Kc8 23. Nb5 Bc6 24. Nbd6+ Bxd6 25. Nxd6+ Kd8 26. Nxf7+ Kc8 27. b5 Bd5 28. Nd6+ Kd8 29. Rh7 Nxf2 30. Kxf2 Rf8+ 31. Ke1 Rg8 32. c6 Nxc6 33. bxc6 Bxc6 34. b4 e5 35. b5 Bd7 36. b6 g4 37. b7 Kc7 38. Bb5 Kxd6 39. Rxd7+ Kc5 40. Rc7+ 1-0

[Event "CRO-chT2 East"]
[Site "Croatia"]
[Date "2014.05.10"]
[Round "4.13"]
[White "Strahija, Sasa"]
[Black "Abramovic, Darko"]
[Result "0-1"]
[WhiteElo "1756"]
[BlackElo "2109"]
[PlyCount "84"]
[EventDate "2014.04.26"]
[EventType "team-tourn"]
[EventRounds "11"]
[EventCountry "CRO"]
[SourceTitle "EXT 2019"]
[Source "ChessBase"]
[SourceDate "2018.10.10"]
[SourceVersion "1"]
[SourceVersionDate "2018.10.10"]
[SourceQuality "1"]

1. d4 d5 2. c4 Bf5 3. Nc3 e6 4. Nf3 c6 5. Bf4 Nd7 6. e3 Ngf6 7. Nh4 Bg4 8. Be2 Bxe2 9. Qxe2 Ne4 10. Nf3 Bb4 11. Qd3 Qa5 12. 0-0 Bxc3 13. bxc3 Qxc3 14. Qxc3 Nxc3 15. cxd5 exd5 16. Bd6 Ne4 17. Ba3 f6 18. Rab1 Rb8 19. Rfc1 Kf7 20. Rc2 Ke6 21. Ne1 Nd6 22. Bxd6 Kxd6 23. Nd3 b6 24. Nb4 c5 25. Na6 Rbc8 26. dxc5+ bxc5 27. Rb7 Rc6 28. Rxa7 Rb6 29. g3 Rc8 30. a3 Rcc6 31. Nxc5 Nxc5 32. Rxg7 Rb7 33. Rg4 Ne4 34. Ra2 Ra6 35. a4 Rba7 36. Rb2 Rxa4 37. f3 Ra1+ 38. Kg2 R7a2 39. Rxa2 Rxa2+ 40. Kg1 Ng5 41. h4 Nxf3+ 42. Kf1 Nh2+ 0-1

[Event "CRO-chT2 East"]
[Site "Croatia"]
[Date "2014.04.26"]
[Round "2.13"]
[White "Strahija, Sasa"]
[Black "Sargac, Rajna"]
[Result "0-1"]
[WhiteElo "1756"]
[BlackElo "2166"]
[PlyCount "108"]
[EventDate "2014.04.26"]
[EventType "team-tourn"]
[EventRounds "11"]
[EventCountry "CRO"]
[SourceTitle "EXT 2019"]
[Source "ChessBase"]
[SourceDate "2018.10.10"]
[SourceVersion "1"]
[SourceVersionDate "2018.10.10"]
[SourceQuality "1"]

1. e4 c5 2. Nf3 Nc6 3. d4 cxd4 4. Nxd4 Nf6 5. Nc3 e5 6. Ndb5 d6 7. Bg5 a6 8. Na3 b5 9. Nd5 Be7 10. Nxe7 Nxe7 11. Bxf6 gxf6 12. c4 b4 13. Nc2 Rb8 14. Ne3 f5 15. Bd3 fxe4 16. Bxe4 0-0 17. Qd3 f5 18. Bd5+ Kh8 19. 0-0-0 f4 20. Nc2 Rf6 21. Be4 Qg8 22. g3 Qg5 23. Kb1 Bf5 24. Bxf5 Qxf5 25. Qxf5 Nxf5 26. gxf4 exf4 27. Rhg1 Rg6 28. Rxg6 hxg6 29. Nd4 Ne7 30. Ne6 Nf5 31. Nxf4 Kg7 32. Rg1 Ne7 33. b3 Rh8 34. h3 Kf6 35. Rg3 g5 36. Nd3 Nf5 37. Rf3 a5 38. Kb2 Re8 39. Kc1 Re2 40. Kb1 Kg6 41. Nc1 Rd2 42. Nd3 Nd4 43. Re3 Kf5 44. c5 dxc5 45. f3 Nb5 46. Nxc5 Na3+ 47. Kc1 Rc2+ 48. Kd1 Rxc5 49. Re2 Nb5 50. Rf2 Kf4 51. Rd2 Nc3+ 52. Ke1 Kxf3 53. Kf1 Ne4 54. Rd3+ Kf4 0-1

[Event "Pula CC-ch"]
[Site "Pula"]
[Date "2014.02.11"]
[Round "8"]
[White "Strahija, Sasa"]
[Black "Lovric, Dino"]
[Result "1-0"]
[WhiteElo "1756"]
[BlackElo "1626"]
[PlyCount "65"]
[EventDate "2014.01.17"]
[EventType "swiss"]
[EventRounds "9"]
[EventCountry "CRO"]
[SourceTitle "EXT 2016"]
[Source "ChessBase"]
[SourceDate "2015.10.08"]
[SourceVersion "1"]
[SourceVersionDate "2015.10.08"]
[SourceQuality "1"]

1. e4 e5 2. Nf3 Nc6 3. Bb5 Nd4 4. Nxd4 exd4 5. Qf3 c6 6. Bc4 Qf6 7. Qe2 Qg6 8. 0-0 Be7 9. f4 Nf6 10. e5 Ng4 11. f5 Qg5 12. h3 d3 13. Qxg4 dxc2 14. Nc3 Qxg4 15. hxg4 h5 16. f6 Bc5+ 17. Kh2 hxg4+ 18. Kg3 g6 19. Ne4 Bb4 20. a3 Bf8 21. Nd6+ Bxd6 22. exd6 b5 23. Bb3 Bb7 24. Re1+ Kf8 25. Re7 Rh7 26. Rxd7 Rb8 27. Bxc2 Rh6 28. d4 Rh5 29. Bf4 c5 30. dxc5 Rxc5 31. Bb3 Bd5 32. Rc7 g5 33. Be3 1-0

[Event "Pula CC-ch"]
[Site "Pula"]
[Date "2014.01.24"]
[Round "3"]
[White "Saric, Husnija"]
[Black "Strahija, Sasa"]
[Result "0-1"]
[WhiteElo "1811"]
[BlackElo "1756"]
[PlyCount "114"]
[EventDate "2014.01.17"]
[EventType "swiss"]
[EventRounds "9"]
[EventCountry "CRO"]
[SourceTitle "EXT 2016"]
[Source "ChessBase"]
[SourceDate "2015.10.08"]
[SourceVersion "1"]
[SourceVersionDate "2015.10.08"]
[SourceQuality "1"]

1. d4 Nf6 2. c4 e5 3. dxe5 Ng4 4. Nf3 Nc6 5. e3 Bb4+ 6. Bd2 Qe7 7. Be2 Ngxe5 8. 0-0 Bxd2 9. Nbxd2 0-0 10. a3 b6 11. Qc2 Bb7 12. Rac1 d6 13. b4 Rac8 14. c5 dxc5 15. bxc5 Rfd8 16. cxb6 cxb6 17. Qf5 g6 18. Qh3 Nxf3+ 19. Nxf3 Qxa3 20. Ng5 h5 21. Bxh5 gxh5 22. Qxh5 Qb3 23. Rb1 Qd5 24. Rb5 Qc4 25. Rf5 Rc7 26. Qh7+ Kf8 27. Qh8+ Ke7 28. Qf6+ Ke8 29. Qh8+ Kd7 30. Rd1+ Kc8 31. Rxd8+ Nxd8 32. h4 Qg4 33. e4 Bxe4 34. Nxe4 Qxe4 35. Qh5 Rc4 36. Re5 Qxh4 37. Qf5+ Kb8 38. Re1 Qf4 39. Qd5 Rd4 40. Qb5 Rd2 41. Rf1 Qd4 42. Qf5 a5 43. Qb5 Rd1 44. g3 Kb7 45. Qe2 Rxf1+ 46. Kxf1 Qd5 47. Qe7+ Ka6 48. Qc7 a4 49. Kg1 a3 50. Qc8+ Kb5 51. Qc3 a2 52. Qb2+ Ka6 53. Kh2 Nc6 54. Qa3+ Kb7 55. f4 Nb4 56. Qb2 Nc2 57. f5 a1Q 0-1

[Event "Pula CC-ch"]
[Site "Pula"]
[Date "2014.01.17"]
[Round "1"]
[White "Strahija, Sasa"]
[Black "Glavas, Dragan"]
[Result "0-1"]
[WhiteElo "1756"]
[BlackElo "2261"]
[PlyCount "64"]
[EventDate "2014.01.17"]
[EventType "swiss"]
[EventRounds "9"]
[EventCountry "CRO"]
[SourceTitle "EXT 2016"]
[Source "ChessBase"]
[SourceDate "2015.10.08"]
[SourceVersion "1"]
[SourceVersionDate "2015.10.08"]
[SourceQuality "1"]

1. d4 d5 2. c4 c6 3. Nf3 Nf6 4. Nc3 dxc4 5. Ne5 b5 6. g3 e6 7. Bg2 Nd5 8. e4 Nxc3 9. Qf3 Qc7 10. Bf4 Bd6 11. Ng6 hxg6 12. bxc3 Bxf4 13. gxf4 Rh4 14. e5 a5 15. Rb1 Ra7 16. Qg3 Rh8 17. h4 Nd7 18. h5 Nf8 19. Ke2 Bb7 20. hxg6 Rxh1 21. gxf7+ Qxf7 22. Bxh1 Qg6 23. Qxg6+ Nxg6 24. Ke3 Ne7 25. a3 c5 26. dxc5 Bxh1 27. Rxh1 Kd7 28. Rd1+ Nd5+ 29. Rxd5+ exd5 30. Kd4 Kc6 31. e6 g6 32. f3 Re7 0-1

[Event "CRO-chT2 East"]
[Site "Osijek"]
[Date "2013.10.27"]
[Round "11.52"]
[White "Strahija, Sasa"]
[Black "Oreskovic, Pero"]
[Result "0-1"]
[WhiteElo "1761"]
[BlackElo "2041"]
[PlyCount "108"]
[EventDate "2013.04.20"]
[EventType "team-tourn"]
[EventRounds "11"]
[EventCountry "CRO"]
[SourceTitle "EXT 2023"]
[Source "ChessBase"]
[SourceDate "2022.10.05"]
[SourceVersion "1"]
[SourceVersionDate "2022.10.05"]
[SourceQuality "1"]

1. e4 d6 2. Nc3 Nf6 3. f4 e5 4. Nf3 Nc6 5. Bb5 Bd7 6. 0-0 Qe7 7. d3 Nd4 8. Bxd7+ Kxd7 9. Be3 c5 10. fxe5 dxe5 11. Bg5 Qe6 12. Bxf6 gxf6 13. Nd5 Be7 14. Nxd4 exd4 15. Qf3 Rhg8 16. Nxf6+ Bxf6 17. Qxf6 Raf8 18. Rf5 Qxf6 19. Rxf6 Ke7 20. Raf1 Rg7 21. R1f5 Rc8 22. Rh6 c4 23. Rhf6 cxd3 24. cxd3 Rc1+ 25. Rf1 Rc2 26. R6f2 Rc6 27. g3 f6 28. Re2 Ke6 29. Rff2 Rc1+ 30. Kg2 Rgc7 31. Kf3 Rd1 32. Rd2 Rcc1 33. Kg4 a5 34. Kh5 b5 35. Kh6 Rxd2 36. Rxd2 Rc7 37. Rf2 a4 38. h4 b4 39. Rf5 Rc2 40. b3 axb3 41. axb3 Rc3 42. Rb5 Rxd3 43. Rxb4 Ke5 44. Kxh7 Rxg3 45. Rb7 d3 46. h5 Kxe4 47. Re7+ Kd4 48. b4 d2 49. Rd7+ Kc3 50. h6 Rd3 51. Rc7+ Kb3 52. Rf7 d1Q 53. Rxf6 Rd7+ 54. Kh8 Qa1 0-1

[Event "CRO-chT2 East"]
[Site "Osijek"]
[Date "2013.10.12"]
[Round "7.32"]
[White "Strahija, Sasa"]
[Black "Spoljar, Marijan"]
[Result "0-1"]
[WhiteElo "1761"]
[BlackElo "2240"]
[PlyCount "80"]
[EventDate "2013.04.20"]
[EventType "team-tourn"]
[EventRounds "11"]
[EventCountry "CRO"]
[SourceTitle "EXT 2023"]
[Source "ChessBase"]
[SourceDate "2022.10.05"]
[SourceVersion "1"]
[SourceVersionDate "2022.10.05"]
[SourceQuality "1"]

1. d4 Nf6 2. c4 g6 3. Nc3 Bg7 4. Nf3 d6 5. g3 0-0 6. Bg2 Nc6 7. 0-0 e5 8. dxe5 Nxe5 9. Nxe5 dxe5 10. Bg5 Qxd1 11. Raxd1 c6 12. Rd6 Be6 13. Rfd1 h6 14. Bxf6 Bxf6 15. b3 Be7 16. R6d3 f5 17. Bh3 Kg7 18. Re3 Kf6 19. Na4 e4 20. g4 Rfd8 21. Rb1 Rd2 22. Rb2 Rd1+ 23. Bf1 Rad8 24. Nc3 Re1 25. Rb1 Rxb1 26. Nxb1 Bb4 27. gxf5 gxf5 28. Rh3 Rd1 29. a3 Rxb1 30. axb4 Ke5 31. f3 b5 32. fxe4 fxe4 33. Rh5+ Kd6 34. cxb5 cxb5 35. Kf2 e3+ 36. Kg2 Bd5+ 37. Kg1 Rxb3 38. Rxh6+ Ke5 39. Ra6 Rxb4 40. Rxa7 Rg4+ 0-1

[Event "Pula Uljanik CC-ch"]
[Site "Pula"]
[Date "2013.01.26"]
[Round "1"]
[White "Strahija, Sasa"]
[Black "Licardo, Renato"]
[Result "0-1"]
[WhiteElo "1757"]
[BlackElo "2268"]
[PlyCount "84"]
[EventDate "2013.01.17"]
[EventType "swiss"]
[EventRounds "9"]
[EventCountry "CRO"]
[SourceTitle "EXT 2014"]
[Source "ChessBase"]
[SourceDate "2013.11.20"]
[SourceVersion "1"]
[SourceVersionDate "2013.11.20"]
[SourceQuality "1"]

1. e4 c5 2. Nf3 Nc6 3. Nc3 g6 4. Bb5 Bg7 5. 0-0 Nf6 6. h3 a6 7. Bxc6 bxc6 8. d4 cxd4 9. Qxd4 0-0 10. e5 Ne8 11. Bf4 Nc7 12. Rad1 Ne6 13. Qe3 Nxf4 14. Qxf4 Qb6 15. b3 Qc5 16. Qd4 Qxd4 17. Rxd4 d6 18. Re1 c5 19. Rd2 Bb7 20. Nd5 Rfd8 21. exd6 exd6 22. Re7 Rab8 23. Ng5 Re8 24. Rd7 Re5 25. Ne7+ Kf8 26. Nxf7 Re1+ 27. Kh2 Rxe7 28. Rxe7 Kxe7 29. Ng5 h6 30. Re2+ Kd7 31. Ne4 Re8 32. f3 Bd4 33. c3 Be5+ 34. g3 Bxe4 35. fxe4 Bxc3 36. Kg2 d5 37. Kf3 Rf8+ 38. Kg4 d4 39. e5 Ke6 40. h4 d3 41. Re3 h5+ 42. Kh3 Rd8 0-1

[Event "CRO-chT2 Ost"]
[Site "Osijek"]
[Date "2012.04.22"]
[Round "3.31"]
[White "Strahija, Sasa"]
[Black "Bogosavljevic, Boban"]
[Result "0-1"]
[WhiteElo "1807"]
[BlackElo "2523"]
[PlyCount "84"]
[EventDate "2012.04.21"]
[EventType "team-tourn"]
[EventRounds "11"]
[EventCountry "CRO"]
[SourceTitle "EXT 2014"]
[Source "ChessBase"]
[SourceDate "2013.11.20"]
[SourceVersion "1"]
[SourceVersionDate "2013.11.20"]
[SourceQuality "1"]

1. f4 Nf6 2. g3 g6 3. d4 Bg7 4. Bg2 d5 5. Nf3 0-0 6. 0-0 Bf5 7. c3 Qc8 8. Be3 Bh3 9. Nbd2 c6 10. Re1 Bxg2 11. Kxg2 Nbd7 12. Qc2 c5 13. Rac1 Qc6 14. Ne5 Nxe5 15. fxe5 Ng4 16. Bg1 Rac8 17. Qd3 f6 18. h3 c4 19. Qb1 Nh6 20. exf6 exf6 21. e4 Nf7 22. exd5 Qd7 23. Nf3 Qxd5 24. Qe4 Qb5 25. Qc2 f5 26. Kh2 Qd5 27. Qg2 Rfe8 28. Be3 Qa5 29. Qf2 a6 30. a3 Qd5 31. Bf4 h6 32. Qg2 g5 33. Be5 Nxe5 34. Nxe5 Qxg2+ 35. Kxg2 Bxe5 36. Rxe5 Rxe5 37. dxe5 Rd8 38. Rc2 Kf7 39. g4 f4 40. h4 Rd3 41. hxg5 hxg5 42. Re2 f3+ 0-1

[Event "CRO-chT2 East"]
[Site "Croatia"]
[Date "2011.10.16"]
[Round "9"]
[White "Saric, Sinisa"]
[Black "Strahija, Sasa"]
[Result "1-0"]
[WhiteElo "2472"]
[BlackElo "1809"]
[PlyCount "55"]
[EventDate "2011.04.02"]
[EventType "tourn"]
[EventRounds "11"]
[EventCountry "CRO"]
[SourceTitle "EXT 2014"]
[Source "ChessBase"]
[SourceDate "2013.11.20"]
[SourceVersion "1"]
[SourceVersionDate "2013.11.20"]
[SourceQuality "1"]

1. d4 d5 2. c4 c6 3. Nc3 Nf6 4. e3 e6 5. Nf3 Nbd7 6. Ne5 Bd6 7. f4 0-0 8. Bd3 dxc4 9. Nxc4 Be7 10. 0-0 c5 11. Kh1 a6 12. Ne5 Qc7 13. Qf3 b5 14. Bd2 Bb7 15. Qh3 h6 16. Rac1 b4 17. Ne2 Qb6 18. f5 Rfd8 19. Nxf7 Kxf7 20. fxe6+ Kg8 21. exd7 Nxd7 22. Bc4+ Kh8 23. Rf7 Bf6 24. Rxd7 cxd4 25. Nf4 Rxd7 26. Qxd7 dxe3 27. Ng6+ Kh7 28. Qf5 1-0

[Event "CRO-chT2 East"]
[Site "Croatia"]
[Date "2011.10.15"]
[Round "7"]
[White "Martinovic, Slobodan"]
[Black "Strahija, Sasa"]
[Result "1-0"]
[WhiteElo "2431"]
[BlackElo "1809"]
[PlyCount "39"]
[EventDate "2011.04.02"]
[EventType "tourn"]
[EventRounds "11"]
[EventCountry "CRO"]
[SourceTitle "EXT 2014"]
[Source "ChessBase"]
[SourceDate "2013.11.20"]
[SourceVersion "1"]
[SourceVersionDate "2013.11.20"]
[SourceQuality "1"]

1. e4 e5 2. Nf3 Nc6 3. Bc4 Bc5 4. 0-0 Nf6 5. d4 Bxd4 6. Nxd4 Nxd4 7. f4 d6 8. fxe5 dxe5 9. Bg5 Bg4 10. Bxf7+ Kxf7 11. Qxg4 Nxc2 12. Nc3 Qd4+ 13. Kh1 Ne3 14. Bxe3 Qxe3 15. Nd5 Qc5 16. Qd7+ Kg6 17. Nxf6 gxf6 18. Qf5+ Kh6 19. Qxf6+ Kh5 20. Rf5+ 1-0

[Event "CRO-chT2 East"]
[Site "Croatia"]
[Date "2011.04.03"]
[Round "3"]
[White "Bojanic, Borislav"]
[Black "Strahija, Sasa"]
[Result "0-1"]
[WhiteElo "1923"]
[BlackElo "1809"]
[PlyCount "120"]
[EventDate "2011.04.02"]
[EventType "tourn"]
[EventRounds "11"]
[EventCountry "CRO"]
[SourceTitle "EXT 2014"]
[Source "ChessBase"]
[SourceDate "2013.11.20"]
[SourceVersion "1"]
[SourceVersionDate "2013.11.20"]
[SourceQuality "1"]

1. d4 d5 2. c4 c6 3. Nf3 Nf6 4. Nc3 e6 5. Bg5 h6 6. Bh4 dxc4 7. e4 g5 8. Bg3 b5 9. Be5 Nbd7 10. d5 Nxe5 11. Nxe5 cxd5 12. Nxb5 Qa5+ 13. Nc3 Nxe4 14. Rc1 Bb7 15. Be2 Bg7 16. Qd4 Nxc3 17. bxc3 Qc7 18. f4 gxf4 19. Qxf4 Qxe5 20. Qf2 Qf6 21. Qc5 Qe7 22. Qb5+ Qd7 23. Qb4 a5 24. Qa3 Bf8 25. Qb2 Bc5 26. Rf1 Rb8 27. Bh5 Rf8 28. Qe2 Qe7 29. g3 Bc6 30. Qe5 Bd6 31. Qg7 Rb2 32. h4 Qc7 33. Rf3 d4 34. Rf6 Bxg3+ 35. Kd1 Bd5 36. Qxh6 Qe5 37. Rf1 dxc3 38. Rc2 Qd4+ 39. Kc1 Rxc2+ 40. Kxc2 Be4+ 41. Kc1 Qd3 42. Qxe6+ Kd8 43. Qf6+ Kc7 44. Qe7+ Kc6 45. Rf6+ Bd6 46. Rxd6+ Qxd6 47. Qxe4+ Qd5 48. Bf3 Qxe4 49. Bxe4+ Kc5 50. a3 f5 51. Bf3 Kd4 52. Kc2 f4 53. h5 Rb8 54. Bg4 Rb2+ 55. Kc1 Rh2 56. a4 Ke3 57. Be6 f3 58. Bxc4 f2 59. h6 Rxh6 60. Kc2 Kd4 0-1